Quizzes
Events
Quiz Creation
Community
Videos
Private Events
Remove Ads
Sign In
Join for FREE
Feedback
Dark Mode
Quiz Categories
Sports
Geography
Music
Movies
Television
Just For Fun
Miscellaneous
History
Literature
Language
Science
Gaming
Entertainment
Religion
Holiday
For Kids
Quiz Lab
Recent
Popular Today
Quiz Kudos Today
Editor Picks
Curator Picks
Quizzes by...
Day
Popularity
Type
Ratings
Length
Year
Community
Subscriptions
Recent Discussions
Orange Saloon
Badges
Playlists
Quests
Create
Leaderboards
Showdown
Live 5
Trivia Bingo
Activity
Puzzle Library
Sporcle Events
Private Events
Virtual Trivia
Globe League
Become a Host
Pub Owners
SporcleCon
Opinionation
Our Games
Videos
Blog
Mobile Apps
Partnerships
Remove Ads and Go Orange
Feedback
Gaming
Video Games
Board Games
Card Games
Pokémon
Mario
Nintendo
Minecraft
Console
Toys
Legend of Zelda
Gaming
Video Games
Board Games
Card Games
Pokémon
Mario
Nintendo
Minecraft
Console
Toys
Legend of Zelda
Random Quiz
Search Sporcle
×
Quiz Lab
Quiz Lab
Gaming
Letter
Type in answers that appear in a list
Type in answers that appear in a list
Classic
Best Score? Go Orange.
League of Legends Champions - Fighters Stats
Can you name the League of Legends champions that are listed as Fighters on the official website?
By
Zenithim
8m
66 Questions
98 Plays
98 Plays
98 Plays
Comments
Comments
Give Quiz Kudos
Give Quiz Kudos
-
- Ratings
hide this ad
More Info
Replay
Link that replays current quiz
Next Quiz
Link to next quiz in quiz playlist
You Got
0%
They Got
Avg Score
25%
Avg Friend Score
Upgrade to see
Score Distribution
Jump to the score distribution portion of the page
Score
0/66
Timer
08:00
0
Plays Today
Answer
% Correct
Camille
93.8%
Darius
93.8%
Aatrox
87.5%
Fiora
87.5%
Garen
87.5%
Hecarim
87.5%
Jax
87.5%
Poppy
87.5%
Tryndamere
87.5%
Warwick
87.5%
Yasuo
87.5%
Blitzcrank
81.3%
Diana
81.3%
Ekko
81.3%
Illaoi
81.3%
Irelia
81.3%
Lee Sin
81.3%
Malphite
81.3%
Nasus
81.3%
Nautilus
81.3%
Renekton
81.3%
Rengar
81.3%
Rumble
81.3%
Udyr
81.3%
Urgot
81.3%
Vi
81.3%
Xin Zhao
81.3%
Yorick
81.3%
Zac
81.3%
Fizz
75%
Gangplank
75%
Jarvan IV
75%
Kayle
75%
Answer
% Correct
Master Yi
75%
Olaf
75%
Pantheon
75%
Qiyana
75%
Riven
75%
Sett
75%
Volibear
75%
Lillia
70%
Gwen
70%
Elise
68.8%
Gnar
68.8%
Gragas
68.8%
Jayce
68.8%
Kayn
68.8%
Kled
68.8%
Ornn
68.8%
Rammus
68.8%
Sejuani
68.8%
Shyvana
68.8%
Singed
68.8%
Sion
68.8%
Swain
68.8%
Thresh
68.8%
Wukong
68.8%
Dr. Mundo
62.5%
Mordekaiser
62.5%
Nunu & Willump
62.5%
Rek'Sai
62.5%
Ryze
62.5%
Skarner
62.5%
Taric
62.5%
Trundle
62.5%
Nocturne
56.3%
Quiz Playlist
Details
Report
Send in Message
Add To Playlist
More Info:
double letter = same letter twice in a row
Classic:
Type in answers that appear in a list
Last Updated: Apr 14, 2020
Quiz Scoreboard
CHALLENGE
Sign Up to Join the Scoreboard
Show All
Scores
Hide
Comments
May contain spoilers
Recently Published
College Basketball Coaching Resumes
by pancakes188
Sports
9m
Billboard Blitz: Fleetwood Mac
by CooCooCachoo
Music
15s
Presidents Visiting Landmarks
by Hejman
History
7m
More to Explore
Quiz From the Vault
Featured Blog Post
Where Did the Easter Bunny Come From?
hide this ad
You Might Also Like...
Tags
Letter Quiz
champion
League of Legends
Listing
mmorpg
Today's Top Quizzes in Gaming
Browse Gaming
hide this ad
Today's Top Quizzes in Letter
Browse Letter
Top Contributed Quizzes in Gaming
1
5-to-1: Consoles
2
7-to-1: Board Game Piece Blitz
3
5-to-1: Legend of Zelda
4
Destiny 2 exotic weapons by perk icons
5
League of Legends Pro Players by Career/Team History
6
Franchise by Action Figure
7
Ultimate Genshin Impact Logic Puzzle (up to 4.3)
8
Who's on the WWE 2K24 Cover?
9
Genshin Impact Logic Puzzle Quiz
10
Overwatch Logic Puzzle
Explore More
Trending Topics
Anime
Crossword
Kpop
NBA
Marvel
Disney
Harry Potter
WWE
Song
NFL
Country
Pokémon
The Office
Soccer
Puzzle
hide this ad
More By:
Zenithim
Quiz
Plays
Rating
Category
Featured
Created
Quick Pick: Monotheistic Religions
5,151
4.59
Just For Fun
Dec 10, 2016
League of Legends 'A' Champions
2,375
4.40
Gaming
Dec 6, 2016
Roman Numeral Singers
2,283
4.62
Music
Dec 4, 2016
National Geographic Bee I
1,980
4.83
Geography
Dec 24, 2016
League of Legends 'B' Champions
1,729
3.83
Gaming
Dec 10, 2016
Go to Creator's Profile
Score Distribution
Quiz Creator Spotlight
Zenithim
Follow
Send a Message
Quizzes Created
-
Created Quiz Play Count
-
More By This Creator
Popular Quizzes Today
1
Find the US States - No Outlines Minefield
2
Find the Countries of Europe - No Outlines Minefield
3
The Countries of the World
4
Find the US States
5
Risky Map Clicking: Biggest States A-Z
6
US States
7
Popular People in 1961
8
Movies - When Are They Set?
More Gaming Quizzes
Board Games: 2, 4, or 6?
Editor's Pick
Trending Quizzes
Risky Map Clicking: Least Populous States A-Z
1-10 Letter G Words
1-10 Letter F Words
Risky Map Clicking: Next State Alphabetically
Click the Washington State Counties! (Map)
Recently Updated
Leaping Animals
pecheneg
Reality TV Shows (A-Z)
bhenderson79
Rickey Henderson's Hall of Fame Teammates
pecheneg
Champions League XIs: Arsenal
pecheneg
Quick Pick: Celebrities in WWE's Hall of Fame
aduchscher
A-Z Keypad Blitz II
pecheneg
Multiple Oscar Actors
pecheneg
Mystery Phrase Blitz: Oscar 'Best Actors'
pecheneg
F. Scott Fitzgerald Novels
LTH
Pick 3 Villains
ddd62291
Trending Topics
NBA
Kpop
Harry Potter
Disney
Anime
Crossword
Marvel
Puzzle
NFL
Country
Pokémon
WWE
The Office
Soccer
Song
Your Account Isn't Verified!
In order to create a playlist on Sporcle, you need to verify the email address you used during registration. Go to your
Sporcle Settings
to finish the process.
Report this User
Report this user for behavior that violates our
Community Guidelines
.
Details:
Send Report
Go to the Sporcle.com Mobile Site →
Comments